[Event "POL-chT 3rd League Wielkopolska 12/13"]
[Site "Poznan"]
[Date "2013.03.10"]
[Round "11.3"]
[White "Witwicki, Pawel"]
[Black "Izydor, Wlodzimierz"]
[Result "1-0"]
[WhiteElo "1972"]
[BlackElo "1766"]
[PlyCount "87"]
[EventDate "2012.11.25"]
[EventType "team-tourn"]
[EventRounds "11"]
[EventCountry "POL"]
[SourceTitle "EXT 2014"]
[Source "ChessBase"]
[SourceDate "2013.11.20"]
[SourceVersion "1"]
[SourceVersionDate "2013.11.20"]
[SourceQuality "1"]
[WhiteTeam "Jarocin JKSW"]
[BlackTeam "Szamotuly Baszta"]
[WhiteTeamCountry "POL"]
[BlackTeamCountry "POL"]

1. Nf3 d5 2. c4 e6 3. e3 c5 4. b3 Nc6 5. Bb2 d4 6. exd4 cxd4 7. d3 Nf6 8. g3 Bc5 9. Bg2 0-0 10. 0-0 e5 11. Nbd2 Bf5 12. Qb1 Re8 13. Ng5 h6 14. Nge4 Nxe4 15. Nxe4 Bxe4 16. Bxe4 Qd7 17. Qd1 f5 18. Bd5+ Kh7 19. a3 a5 20. Qh5 g6 21. Qh3 Bf8 22. Rae1 Rab8 23. Bc1 Bg7 24. Re4 Qe7 25. Rh4 Qf8 26. Qg2 Qf6 27. Qh3 g5 28. Rh5 f4 29. Qg4 Ne7 30. Be4+ Kg8 31. h4 gxh4 32. gxf4 exf4 33. Bxf4 Kh8 34. Be5 Qf7 35. Rxh6+ Kg8 36. Rh7 Nf5 37. Rxg7+ Nxg7 38. Bxb8 Qf6 39. Bd5+ Kf8 40. Bf4 Nf5 41. Qg8+ Ke7 42. Re1+ Ne3 43. Qh7+ Kf8 44. Bh6+ 1-0

[Event "POL-chT 3rd League Wielkopolska 12/13"]
[Site "Poznan"]
[Date "2012.12.02"]
[Round "2.29"]
[White "Izydor, Wlodzimierz"]
[Black "Plonczak, Mateusz"]
[Result "0-1"]
[WhiteElo "1766"]
[BlackElo "1962"]
[PlyCount "64"]
[EventDate "2012.11.25"]
[EventType "team-tourn"]
[EventRounds "11"]
[EventCountry "POL"]
[SourceTitle "EXT 2014"]
[Source "ChessBase"]
[SourceDate "2013.11.20"]
[SourceVersion "1"]
[SourceVersionDate "2013.11.20"]
[SourceQuality "1"]
[WhiteTeam "Szamotuly Baszta"]
[BlackTeam "Kornik MUKS Wieza Kornicka"]
[WhiteTeamCountry "POL"]
[BlackTeamCountry "POL"]

1. d4 e6 2. c4 Nf6 3. Nc3 Be7 4. Nf3 b6 5. e4 Bb7 6. Bd3 d6 7. 0-0 Nbd7 8. a3 a5 9. h3 0-0 10. Be3 c6 11. Qb3 Qc7 12. Rac1 Ba6 13. Qc2 e5 14. d5 cxd5 15. cxd5 Bxd3 16. Qxd3 Nc5 17. Bxc5 bxc5 18. Nd2 Nh5 19. Nb5 Qd7 20. a4 Nf4 21. Qf3 f5 22. Rc3 Rf6 23. Kh2 Rg6 24. Rg1 fxe4 25. Qxe4 Rf8 26. Rg3 Rh6 27. Nf3 Nh5 28. Qg4 Qd8 29. Re1 Rf4 30. Qxf4 Nxf4 31. Nc3 Qd7 32. Re4 Nh5 0-1

[Event "POL-chT3 Wielkopolska 1112"]
[Site "Poland"]
[Date "2012.??.??"]
[Round "9.23"]
[White "Izydor, Wlodzimierz"]
[Black "Gawiejnowicz, Stanislaw"]
[Result "1-0"]
[WhiteElo "1721"]
[BlackElo "1649"]
[PlyCount "97"]
[EventDate "2011.11.27"]
[EventType "team-tourn"]
[EventRounds "11"]
[EventCountry "POL"]
[SourceTitle "EXT 2014"]
[Source "ChessBase"]
[SourceDate "2013.11.20"]
[SourceVersion "1"]
[SourceVersionDate "2013.11.20"]
[SourceQuality "1"]
[WhiteTeam "Szamotuly Baszta"]
[BlackTeam "Steszew Lipno"]
[WhiteTeamCountry "POL"]
[BlackTeamCountry "POL"]

1. d4 Nf6 2. c4 d6 3. Nc3 Nbd7 4. e4 e5 5. d5 Nc5 6. Bd3 a5 7. Be3 b6 8. h3 Be7 9. Nge2 0-0 10. 0-0 Bd7 11. Bxc5 bxc5 12. Qc2 Qc8 13. Kh2 g5 14. Ng3 Re8 15. Qd2 h6 16. Rh1 Kh7 17. Nf5 Bf8 18. g4 Bg7 19. Ne2 Bxf5 20. gxf5 Nh5 21. Rhg1 Bf6 22. Bc2 Qa6 23. Bd3 Qb6 24. Rab1 Qb4 25. Qd1 Rg8 26. Nc3 Nf4 27. Nb5 a4 28. Nxc7 Rad8 29. Nb5 Be7 30. Bf1 f6 31. Rg3 Qa5 32. Ra3 Ra8 33. Nc3 Qd8 34. Rxa4 h5 35. Rxa8 Qxa8 36. f3 Qf8 37. Ne2 Qg7 38. Qd2 Bf8 39. Nxf4 gxf4 40. Qf2 Qh6 41. Be2 h4 42. b4 Rg3 43. b5 Qg7 44. a4 Qb7 45. b6 Be7 46. a5 Bd8 47. a6 Qxa6 48. b7 Bc7 49. b8Q 1-0

[Event "POL-chT3 Wielkopolska 1112"]
[Site "Poland"]
[Date "2012.??.??"]
[Round "6.29"]
[White "Tomaszewski, Robert"]
[Black "Izydor, Wlodzimierz"]
[Result "0-1"]
[WhiteElo "1823"]
[BlackElo "1721"]
[PlyCount "78"]
[EventDate "2011.11.27"]
[EventType "team-tourn"]
[EventRounds "11"]
[EventCountry "POL"]
[SourceTitle "EXT 2014"]
[Source "ChessBase"]
[SourceDate "2013.11.20"]
[SourceVersion "1"]
[SourceVersionDate "2013.11.20"]
[SourceQuality "1"]
[WhiteTeam "Jarocin JKSW"]
[BlackTeam "Szamotuly Baszta"]
[WhiteTeamCountry "POL"]
[BlackTeamCountry "POL"]

1. d4 d5 2. c4 e6 3. cxd5 exd5 4. Nc3 c6 5. Qc2 Nf6 6. Bg5 Be7 7. e3 h6 8. Bh4 Ne4 9. Bxe7 Qxe7 10. Nxd5 cxd5 11. Qxc8+ Qd8 12. Qxd8+ Kxd8 13. Bb5 a6 14. Ba4 Nd7 15. Rc1 Rc8 16. Rxc8+ Kxc8 17. f3 Nd6 18. Bxd7+ Kxd7 19. b3 Re8 20. Kd2 Nf5 21. g4 Nxe3 22. Ne2 Nc2 23. Rf1 Nb4 24. a3 Nc6 25. b4 b5 26. Kd3 Kd6 27. Ng3 g6 28. Ne2 g5 29. Ng3 Ne7 30. Re1 Rf8 31. Re5 f6 32. Re1 f5 33. Rf1 f4 34. Ne2 Ng6 35. Nc1 Re8 36. Nb3 Re3+ 37. Kc2 Nh4 38. Rf2 Nxf3 39. Kb2 Ne1 0-1

[Event "POL-chT3 2010/11"]
[Site "Wielkopolska"]
[Date "2011.04.15"]
[Round "11"]
[White "Izydor, Wlodzimierz"]
[Black "Gospodarczyk, Roman"]
[Result "1/2-1/2"]
[WhiteElo "1721"]
[BlackElo "1974"]
[PlyCount "88"]
[EventDate "2010.11.28"]
[EventType "team-tourn"]
[EventRounds "11"]
[EventCountry "POL"]
[SourceTitle "EXT 2019"]
[Source "ChessBase"]
[SourceDate "2018.10.10"]
[SourceVersion "1"]
[SourceVersionDate "2018.10.10"]
[SourceQuality "1"]
[WhiteTeam "Szamotuly Baszta"]
[BlackTeam "Poznan Komandoria"]
[WhiteTeamCountry "POL"]
[BlackTeamCountry "POL"]

1. d4 d5 2. c4 dxc4 3. Nc3 e5 4. d5 c6 5. Qa4 b5 6. Nxb5 cxb5 7. Qxb5+ Qd7 8. Qxd7+ Nxd7 9. e4 Ngf6 10. f3 Bb4+ 11. Bd2 Rb8 12. Rb1 Ba6 13. Ne2 Nc5 14. Nc3 Ke7 15. g4 Nfd7 16. h4 Bxc3 17. Bxc3 Na4 18. Kd2 Nxc3 19. Kxc3 Rhc8 20. Be2 Nc5 21. Bd1 Bb5 22. Rh2 Na4+ 23. Bxa4 Bxa4 24. Rf2 Rb6 25. g5 f6 26. f4 Bb5 27. fxe5 fxg5 28. hxg5 Rg6 29. Rbf1 Be8 30. Rf5 h6 31. gxh6 Rg3+ 32. R1f3 Rxf3+ 33. Rxf3 gxh6 34. Rf6 h5 35. Rh6 Kf8 36. d6 Kg7 37. Re6 Bf7 38. Re7 Kf8 39. e6 Bg6 40. Rxa7 Rb8 41. Rc7 Bxe4 42. Rxc4 Bf5 43. e7+ Ke8 44. Rf4 Rb5 1/2-1/2

[Event "POL-chT3 2010/11"]
[Site "Wielkopolska"]
[Date "2011.02.14"]
[Round "7"]
[White "Izydor, Wlodzimierz"]
[Black "Grabowski, Dariusz"]
[Result "1-0"]
[WhiteElo "1721"]
[BlackElo "1799"]
[PlyCount "65"]
[EventDate "2010.11.28"]
[EventType "team-tourn"]
[EventRounds "11"]
[EventCountry "POL"]
[SourceTitle "EXT 2019"]
[Source "ChessBase"]
[SourceDate "2018.10.10"]
[SourceVersion "1"]
[SourceVersionDate "2018.10.10"]
[SourceQuality "1"]
[WhiteTeam "Szamotuly Baszta"]
[BlackTeam "Konin Hetman"]
[WhiteTeamCountry "POL"]
[BlackTeamCountry "POL"]

1. d4 d5 2. c4 c6 3. Nc3 Nf6 4. Nf3 g6 5. e3 Bg7 6. c5 a5 7. Na4 Nbd7 8. b3 Ne4 9. Bb2 b5 10. cxb6 Nxb6 11. Nc3 f5 12. Be2 0-0 13. 0-0 Qd6 14. Rc1 Bb7 15. Nxe4 fxe4 16. Ne5 a4 17. f4 exf3 18. Rxf3 Bxe5 19. dxe5 Qd8 20. Rxf8+ Qxf8 21. Qd4 Nd7 22. Bg4 Nb8 23. Rf1 Qg7 24. Be6+ Kh8 25. Rf7 Qh6 26. Bg4 c5 27. Qxc5 Qh4 28. e6+ Kg8 29. Qd4 Qe1+ 30. Rf1 Qxf1+ 31. Kxf1 Ba6+ 32. Kg1 Nc6 33. Qg7# 1-0

[Event "POL-chT3 Wielkopolska 1112"]
[Site "Poland"]
[Date "2011.??.??"]
[Round "1.23"]
[White "Zielinski, Tadeusz"]
[Black "Izydor, Wlodzimierz"]
[Result "0-1"]
[WhiteElo "1806"]
[BlackElo "1721"]
[PlyCount "78"]
[EventDate "2011.11.27"]
[EventType "team-tourn"]
[EventRounds "11"]
[EventCountry "POL"]
[SourceTitle "EXT 2014"]
[Source "ChessBase"]
[SourceDate "2013.11.20"]
[SourceVersion "1"]
[SourceVersionDate "2013.11.20"]
[SourceQuality "1"]
[WhiteTeam "Poznan Lech"]
[BlackTeam "Szamotuly Baszta"]
[WhiteTeamCountry "POL"]
[BlackTeamCountry "POL"]

1. e4 c5 2. f4 d6 3. Nf3 Nc6 4. Bc4 e6 5. Nc3 a6 6. a4 Be7 7. 0-0 Nf6 8. d3 0-0 9. Kh1 Rb8 10. Bd2 Nb4 11. e5 dxe5 12. fxe5 Nfd5 13. Ne4 Nc6 14. Bb3 b5 15. axb5 axb5 16. c3 Bb7 17. Qe1 Nc7 18. Bc2 b4 19. Qg3 Ne8 20. Qh3 Nxe5 21. Bf4 Bxe4 22. dxe4 Nxf3 23. gxf3 Rb6 24. Rg1 g6 25. Be5 Bf6 26. Qg3 Bxe5 27. Qxe5 Qd6 28. Qxd6 Nxd6 29. Rgd1 Nc4 30. Rab1 Ne3 31. Rdc1 b3 32. Bd1 Rd8 33. Be2 Rd2 34. Bf1 c4 35. Re1 Nxf1 36. Rxf1 Rbd6 37. Kg1 Rc2 38. Rf2 Rdd2 39. Rxd2 Rxd2 0-1

[Event "POL-chT3 2010/11"]
[Site "Wielkopolska"]
[Date "2010.11.28"]
[Round "1"]
[White "Kaczmarek, Piotr1111"]
[Black "Izydor, Wlodzimierz"]
[Result "1-0"]
[WhiteElo "1876"]
[BlackElo "1721"]
[PlyCount "70"]
[EventDate "2010.11.28"]
[EventType "team-tourn"]
[EventRounds "11"]
[EventCountry "POL"]
[SourceTitle "EXT 2019"]
[Source "ChessBase"]
[SourceDate "2018.10.10"]
[SourceVersion "1"]
[SourceVersionDate "2018.10.10"]
[SourceQuality "1"]
[WhiteTeam "Poznan Lech"]
[BlackTeam "Szamotuly Baszta"]
[WhiteTeamCountry "POL"]
[BlackTeamCountry "POL"]

1. d4 d5 2. c4 Nf6 3. Nc3 e6 4. Bg5 Be7 5. Nf3 0-0 6. e3 a6 7. c5 Nc6 8. Bd3 b6 9. cxb6 cxb6 10. Rc1 Bb7 11. 0-0 Rc8 12. Na4 h6 13. Bh4 Nd7 14. Bg3 b5 15. Nc5 Nxc5 16. dxc5 Nb4 17. Bb1 f5 18. Nd4 Qd7 19. a3 Nc6 20. b4 Bf6 21. Qd3 g6 22. Bd6 Rf7 23. Ba2 Be5 24. Nxc6 Bxd6 25. Na7 Bxh2+ 26. Kxh2 Rc7 27. c6 Bxc6 28. Nxc6 Rxc6 29. g3 g5 30. Bb1 Kg7 31. Rc5 Rxc5 32. Qd4+ Kg6 33. Qxc5 h5 34. Rc1 g4 35. Qc8 Qe7 1-0